Diseases of Hevea rubber: Integrated move can fight the maladies (Record no. 57253)

MARC details
000 -LEADER
fixed length control field 00513nam a2200181Ia 4500
100 ## - MAIN ENTRY--AUTHOR NAME
Personal name Jayasinghe C K
245 #0 - TITLE STATEMENT
Title Diseases of Hevea rubber: Integrated move can fight the maladies
260 ## - PUBLICATION, DISTRIBUTION, ETC. (IMPRINT)
Name of publisher Rubber Asia
Year of publication 2012
300 ## - PHYSICAL DESCRIPTION
Number of Pages 61-64
500 ## - GENERAL NOTE
General note Source Year: 2012
650 ## - SUBJECT ADDED ENTRY--TOPICAL TERM
Topical Term Corynespora leaf fall
650 ## - SUBJECT ADDED ENTRY--TOPICAL TERM
Topical Term Disease management
650 ## - SUBJECT ADDED ENTRY--TOPICAL TERM
Topical Term Rubber diseases
650 ## - SUBJECT ADDED ENTRY--TOPICAL TERM
Topical Term South American lLeaf blight
650 ## - SUBJECT ADDED ENTRY--TOPICAL TERM
Topical Term White root disease
942 ## - ADDED ENTRY ELEMENTS (KOHA)
Koha item type Journals
Holdings
Withdrawn status Lost status Damaged status Not for loan Home library Current library Shelving location Date acquired Serial Enumeration / chronology Koha item type
      Journals RRII Library RRII Library Pathology 14/06/2012 Volume 26, Issue 2 Journals